| 000 | 00450nam a2200157 i 4500 | ||
|---|---|---|---|
| 001 | 85173 | ||
| 003 | ES-MaACL | ||
| 007 | t| | ||
| 008 | 041125s1955 xxk ||||1| eng d | ||
| 100 | 1 |
_aJones, W. R. _966874 |
|
| 245 | 1 | 0 |
_aMinerals in industry / _cW.R. Jones. |
| 250 | _a[3rd ed.]. | ||
| 260 |
_a[Harmondsworth] : _bPenguin Books, _c[1955] ( _eLondon : _fWhitefriars) |
||
| 300 |
_a238 p. : _bil. ; _c18 cm. |
||
| 852 |
_aES-MaACL _jE-5976 _bR.90494 |
||
| 999 |
_c85173 _d85173 |
||